000 00658nam a22002297a 4500
005 20251108175925.0
008 250721s2020 xx 000 0 ara d
082 1 4 _aط/550/هوي
100 1 _aديركي، ربيع
_eمشرف
245 1 0 _aالمواطن البيئية للاحياء /
264 1 _aدمشق :
_bبيت الحكمة،
_c2020.
300 _a30ص.
490 0 _aالجغرافيا
650 1 7 _aالجغرافيا
650 1 7 _aعلوم الارض
650 1 7 _aالبيئة
650 1 7 _aالاحياء
653 _aناشئون صغار(10-14)سنة
700 1 _aهولي، عزي
942 _2ddc
_cBK
999 _c145637
_d145637